01234nam a2200361 a 450000100060000000300080000600500170001400600190003100700150005000800410006502000180010603500230012403500240014703500250017103500220019604000260021805000230024408000180026708200160028524501010030126000500040230000110045253301640046365000200062765000270064765000190067465000210069365500270071470000240074170000260076571000190079185600620081066003FlNmELB20241217142701.0m o d | cr cn|||||||||130305s2012 ck |||||s|||||||||||spa d z9789586652094 a(MiAaPQ)EBC3206198 a(Au-PeEL)EBL3206198 a(CaPaEBR)ebr10638207 a(OCoLC)1010701603 aFlNmELBbspacFlNmELB 4aHQ76.25bN897 2012 a616.89-008.4404a306.76622200aNosotros que sentimos diferenteh[recurso electronico] /ceditores Carlos Motta, Cristina Motta. aBogotá :bSiglo del Hombre Editores,c2012. a148 p. aRecurso electrónico. Santa Fe, Arg.: e-libro, 2015. Disponible vía World Wide Web. El acceso puede estar limitado para las bibliotecas afiliadas a e-libro. 4aHomosexualidad. 4aIdentidad de género. 0aHomosexuality. 0aGender identity. 4aLibros electrónicos.1 aMotta, Carlos,eed.1 aMotta, Cristina,eed.2 ae-libro, Corp.40uhttps://elibro.net/ereader/politecnicointernacional/69310